| 000 | 00883nam a2200277 a 4500 | ||
|---|---|---|---|
| 003 | BLK | ||
| 005 | 20250709103755.0 | ||
| 008 | 180919b bul||||| |||| 00| 0 bul d | ||
| 020 | _a9780745968278 | ||
| 040 | _aBLK | ||
| 041 |
_aENG _cENG |
||
| 080 |
_aАмериканска литература (на САЩ) _b821.111(73) _z821.111(73)-93-97 |
||
| 100 |
_aMiko, Christopher _eпърви автор _9489632 |
||
| 139 | _bM 68 | ||
| 245 |
_aThe unofficial Bible for minecrafters _bstories from the bible told block by block _cChristopher Miko |
||
| 260 |
_c2015 _9211469 _aOxford _bLion _n0-7459- |
||
| 300 |
_a288 с. _c26 см |
||
| 380 | _aDX | ||
| 700 |
_aRomines, Garrett _9489633 |
||
| 942 |
_cKNG _2udc _n0 _s1 _032 |
||
| 944 |
_cНора Радева _k30537 _lГрета Цуфелде |
||
| 999 |
_c497570 _d497570 |
||
| 999 | _d497570 | ||
| 999 | _d324531 | ||
| 999 | _d324531 | ||
| 999 | _d324531 | ||